Capital Cities With Similar Names - Statistics

General Stats
  • This quiz has been taken 2,906 times
  • The average score is 17 of 26
Answer Stats
"Port" % Correct
Mexico City
84%
Port-au-Prince
81%
Guatemala City
80%
Panama City
77%
Port Moresby
74%
Port of Spain
73%
Georgetown
70%
Libreville
68%
San Jose
68%
Kingstown
67%
Brazzaville
66%
Santo Domingo
65%
Kuwait City
64%
Santiago
63%
San Salvador
62%
Freetown
61%
Vatican City
60%
Cape Town
57%
Port Louis
56%
Port Vila
55%
Saint John's
53%
Saint George's
51%
São Tomé
51%
Bridgetown
50%
San Marino
48%
Porto Novo
46%
No matching quizzes found
Score Distribution
Percent of People with Each Score
Percentile by Number Answered
Your Score History
You have not taken this quiz